Publication manual

Kaydedildi:
Detaylı Bibliyografya
Kurumsal yazarlar: American Psychological Association (Yazar), APA (Yazar)
Materyal Türü: Kitap
Dil:İngilizce
Baskı/Yayın Bilgisi: Washington, D.C American Psychological Association 1994
Edisyon:4a. ed
Konular:
Etiketler: Etiketle
Etiket eklenmemiş, İlk siz ekleyin!

MARC

LEADER 00000cam a2200000 a 4500
001 UCC4616
003 CL-VaPUC
008 180817e19940000us |||||||||||||||||eng|d
020 |a 1557982414 
082 0 4 |a 808.06615  |b AME  |2 21 
110 2 |a American Psychological Association  |e author  |9 598827 
710 2 |a APA  |e author  |9 598828 
245 1 0 |a Publication manual 
250 |a 4a. ed 
300 |a 368 p 
942 |c BK 
945 |d 20180817 12:57:00  |a dcastane 
260 |a Washington, D.C  |b American Psychological Association  |c 1994 
650 7 |a PUBLICACIONES  |2 CL-VaPUC  |9 396094 
650 0 |a Técnicas de redacción   |9 460283 
650 0 |a Manuales  |9 257144 
583 |a last modification  |c 20180817 12:57:00  |k Rodrigo Vera 
999 |c 372068  |d 372066 
952 |0 0  |1 0  |3 erb  |4 0  |6 808_066150000000000_AME_1994  |7 0  |8 A  |9 489326  |a FDOPOS  |b FDOPOS  |i 5487501  |o 808.06615 AME 1994  |p 5487501  |r 2025-01-22  |w 2019-11-24  |y BK  |z Catalogado en:20180817  |k MLA